Statistiques concernant Culture Générale - Série 1940

Cliquez ici pour prendre le quiz!

Statistiques générales

  • Ce quiz a été pris 68 fois
  • Le résultat moyen est 3 sur 10

Statistiques - réponses

QuestionRéponse% Correct
Qui a écrit "L'existentialisme est un humanisme" en 1946 ? voir photoJean-Paul Sartre
83%
Quel animal est l'alose ?poisson
66%
Dans quel pays vivait l'oiseau appelé "moa" ou dinornis" (voisin de l'autruche) dont l'espèce s'est éteinte au XVI° siècle ?Nouvelle Zélande
42%
Qui a écrit la tragédie en cinq actes "Suréna" en 1674 ?Pierre Corneille
35%
A quel animal associe-t-on le philosophe Jean Buridan (1300-1358) ?âne
31%
Quel philosophe est une grande figure de l'humanisme du 16ème siècle ?Erasme
28%
Peau de veau mort-né (ou d'un autre animal, comme l'agneau ou le chevreau), préparée pour l'écriture, l'illustration, l'imprimerie ou la reliure, plus lisse et plus fine que le parchemin ordinairevélin
28%
En informatique comment appelle-t-on également un marque-page ?signet
17%
Arme blanche caractéristique du Monde malais (Indonésie, Malaisie, Singapour, Brunei, Philippines et sud de la Thaïlande)kriss
15%
Quelle est la rivière du Massif central qui coule dans les départements du Cantal, de la Corrèze, et du Lot ?Cère
5%

Distribution des résultats

Percentile par nombre de réponses

% des personnes avec chaque résultat

Votre développement - résultats

Vous n’avez pas pris ce quiz